00523nam a2200193Ia 4500003000400000005001700004008004100021020001800062040000700080041000800087082002300095100002700118245003800145260004900183300001500232365001400247650003100261650003700292OSt20230413123710.0210423s2008 xx 000 0 und d a9781412965170 cAL aeng a361.06 223bGAMG aGAMST (Glenn C);others aReading in multicultural practice aNew DelhibSahitya Bhawan Publicationsc2008 aix,572bPB b3574cINR aSocial Problems & Services aSocial Problems & Social Welfare